000 00593nam a2200193 a 4500
001 000038839
005 20240412074259.0
008 130426s2006 dr 000 p spa d
040 _aDO-SdBNP
_bspa
_cBNPHU
082 _aRD861.44
_bV732s
100 1 _aVillegas, Víctor
_97744
245 1 0 _aSueño y realidad :
_bpoema /
_cVíctor Villegas.
260 _aSanto Domingo :
_bMe lo dirán... ,
_c2006.
300 _a78 p. ;
_c21 cm.
590 _aInventariado, 2019 / DG
650 0 _aPoesía dominicana
_966
650 0 _aLiteratura dominicana.
_967
910 _aValidado. Control de calidad MFF
999 _c38329
_d38329